| 000 | 00925cab a22001935a 4500 | ||
|---|---|---|---|
| 001 | L144687 | ||
| 008 | 080805s2008 xxkad f s 000 0 eng d | ||
| 035 | _a(Sirsi) u144687 | ||
| 041 | 0 | _aeng | |
| 100 | 1 | _aRoelofsen, Paul | |
| 245 | 0 | 0 | _aPerformance loss in open-plan offices due to noise by speech |
| 260 | _c2008 | ||
| 490 | 0 |
_aJournal of Facilities Management _v6(3) 2008, 202-211(10) |
|
| 520 | _aAims to show how individual workplace performance can be adversely affected by other staff talking in nearby workspaces, and in an open-plan office. Uses mathematical models to quantify performance loss. Finds that performance loss, as a result of poor acoustics, can be related to the speech intelligibility in a space. Considers it possible to improve productivity through better design. | ||
| 590 | _aKA | ||
| 651 | 4 | _aInternational | |
| 690 | _aPROPERTY-COMMERCIAL PROPERTY-OFFICE PROPERTY-OFFICES | ||
| 942 | _n0 | ||
| 999 |
_c80546 _d80546 |
||